|
|
|
|
| LEADER |
00000ny a22000003n 4500 |
| 005 |
20110512124845.0 |
| 007 |
z |
| 008 |
051010d19uu2006sp br p 0 b0spa d |
| 022 |
|
|
|a 1575-1392
|
| 035 |
|
|
|a 38
|
| 040 |
|
|
|a UCN
|d vlex
|
| 080 |
|
|
|a 331.4
|
| 080 |
|
|
|a 613.6
|
| 090 |
|
|
|c 1780
|d 1780
|
| 245 |
0 |
0 |
|a Prevencin̤, trabajo y salud
|h [Recurso electrn̤ico]
|
| 246 |
3 |
|
|a Revista prevencin̤, trabajo y salud
|
| 256 |
|
|
|a Servicio en ln̕ea
|
| 260 |
|
|
|a Madrid :
|b Instituto Nacional de Seguridad e Higiene en el Trabajo
|
| 310 |
|
|
|a Bimestral
|
| 506 |
1 |
|
|a Contenido solo disponible en los productos indicados
|d vLex Global
|d vLex Global (Academic Edition, excluding Law Schools)
|d vLex Global (U.S. Academic Edition, Law Schools)
|d vLex Global (U.S. Academic Edition, excluding Law Schools)
|d vLex Global (Academic Edition, Law Schools)
|
| 650 |
0 |
7 |
|2 Tesauro vLex
|a Seguridad social
|
| 740 |
0 |
|
|a vLex Revista (Servicios en ln̕ea)
|
| 780 |
0 |
0 |
|t Salud y trabajo
|
| 785 |
0 |
0 |
|t Seguridad y salud en el trabajo,
|x 1886-6123
|
| 843 |
|
|
|a Electrn̤ica. Cerrada
|
| 853 |
|
|
|8 1
|i (year)
|j (month)
|k (day)
|
| 856 |
4 |
0 |
|z Acceso restringido
|u http://vlex.com/account/login_ip?fuente_id=38
|
| 942 |
|
|
|c REV
|